000 00631nam a2200205Ia 4500
003 OSt
005 20230509162611.0
008 210423s1989 xx 000 0 und d
040 _cAL
041 _aeng
082 _a362
_223
_bNAGC
100 _aNAGPAUL (Hans)
_9101598
245 _aCulture, education and social welfare: need for indigenous foundations
260 _aNew Delhi
_bS Chand & Company Ltd
_c1989
300 _av,26
_bHB
365 _b150
_cINR
650 _aSocial Welfare Problems & Services
_9101599
906 _aCulture, ; education ; foundations. ; indigenous ; need ; social ; welfare:
942 _2ddc
_cBK
999 _c171690
_d171690